Catálogo
 En Linea

La reforma de la vivienda / (Registro nro. 27413)

Detalles MARC
000 -CABECERA
campo de control de longitud fija 00799nam a2200217 a 4500
001 - NÚMERO DE CONTROL
campo de control 000027921
003 - IDENTIFICADOR DEL NÚMERO DE CONTROL
campo de control DO-SdBNP
005 - FECHA Y HORA DE LA ÚLTIMA TRANSACCIÓN
campo de control 20250506092044.0
008 - DATOS DE LONGITUD FIJA--INFORMACIÓN GENERAL
campo de control de longitud fija 110405s2000 dr ad 000 0 spa d
020 ## - NÚMERO INTERNACIONAL ESTÁNDAR DEL LIBRO
Número Internacional Estándar del Libro 999343504X
040 ## - FUENTE DE LA CATALOGACIÓN
Centro catalogador/agencia de origen DO-SdBNP
Lengua de catalogación spa
Centro/agencia transcriptor BNPHU
049 ## - FONDOS LOCALES (OCLC)
Fondos de biblioteca BNPD
100 1# - ENTRADA PRINCIPAL--NOMBRE DE PERSONA
Nombre de persona Gerónimo, Joaquín
Fechas asociadas al nombre 1955-
9 (RLIN) 54987
245 13 - MENCIÓN DE TÍTULO
Título La reforma de la vivienda /
Mención de responsabilidad, etc. Joaquín Gerónimo; coordinador Amanda Castillo.
260 ## - PUBLICACIÓN, DISTRIBUCIÓN, ETC.
Lugar de publicación, distribución, etc. Santo Domingo :
Nombre del editor, distribuidor, etc. Comisión Presidencial para la Reforma y Modernización del Estado,
Fecha de publicación, distribución, etc. 2000
Fabricante Editora Amigo del Hogar
300 ## - DESCRIPCIÓN FÍSICA
Extensión 56 p. :
Otras características físicas il., gráf. ;
Dimensiones 22 cm.
490 0# - MENCIÓN DE SERIE
Mención de serie Conversatorios de la reforma
Designación de volumen o secuencia 16
700 1# - PUNTO DE ACCESO ADICIONAL--NOMBRE DE PERSONA
Nombre de persona Castillo, Amada
Término indicativo de función/relación coor.
9 (RLIN) 54982
710 2# - PUNTO DE ACCESO ADICIONAL--NOMBRE DE ENTIDAD CORPORATIVA
Nombre de entidad corporativa o nombre de jurisdicción como elemento de entrada Comisión Presidencial para la Reforma y Modernización del Estado
9 (RLIN) 36243
942 ## - ELEMENTOS DE PUNTO DE ACCESO ADICIONAL (KOHA)
Fuente del sistema de clasificación o colocación Dewey Decimal Classification
Tipo de ítem Koha Libro
Existencias
Estado de retiro Estado de pérdida No para préstamo Código de colección Localización permanente Ubicación/localización actual Ubicación en estantería Fecha de adquisición Número de inventario Total de préstamos Signatura topográfica completa Código de barras Fecha visto por última vez Precio válido a partir de Tipo de ítem Koha
    Excluido de préstamo Patrimonio Dominicano Patrimonio Dominicano Patrimonio Dominicano En catalogación 05.04.2011 LF1   27921-10 25.06.2020 25.06.2020 Libro y Folleto Colección Patrimonio Dominicano

Con tecnología Koha